| 000 | 00905 a2200253 4500 | ||
|---|---|---|---|
| 003 | CBULib | ||
| 005 | 20240125102203.0 | ||
| 008 | 240125b |||||||| |||| 00| 0 eng d | ||
| 040 |
_bEnglish _cCBULib _erda |
||
| 041 | _aeng | ||
| 050 | _aCBU-PG THESIS/KAM | ||
| 100 |
_aKampamba, Chileshe _92060 |
||
| 245 |
_aEntrepreneurial family background ,perceptions and intentions: the moderating role of gender on students in Zambia _c/ by Chileshe Kampamba |
||
| 260 |
_bCopperbelt University, _c2023 _aKitwe : |
||
| 300 | _ax, 97 pages : illustrations | ||
| 336 |
_2rdacontent _aText | _btxt |
||
| 337 |
_2rdamedia _aUnmediated | _bn |
||
| 338 |
_2rdacarrier _aVolume _bnc |
||
| 500 | _aincludes bibliographical references and appendices | ||
| 650 | 0 |
_9422 _aENTREPRENEURSHIP |
|
| 650 | 0 |
_92061 _aENTREPRENEURSHIP - FAMILY BACKGROUND, PERCEPTIONS, INTENTIONS |
|
| 650 | 0 |
_92062 _aGENDER |
|
| 942 |
_2lcc _c030 |
||
| 999 |
_c84160 _d84160 |
||